College Big 10 teams - Statistics

General Stats
  • This quiz has been taken 32 times
  • The average score is 15 of 18
Answer Stats
Answer % Correct
Michigan
93%
Ohio State
93%
UCLA
93%
USC
93%
Illinois
86%
Indiana
86%
Iowa
86%
Northwestern
86%
Oregon
86%
Penn State
86%
Purdue
86%
Maryland
79%
Minnesota
79%
Rutgers
79%
Wisconsin
79%
Nebraska
71%
Washington
71%
Michigan State
64%
No matching quizzes found
Score Distribution
Percent of People with Each Score
Percentile by Number Answered
Your Score History
You have not taken this quiz